AK’s General Knowledge A-Z #82 - Statistics

General Stats
  • This quiz has been taken 284 times
  • The average score is 18 of 26
Answer Stats
Hint Answer % Correct
C – Mozambique spitting _____, a highly venomous snake Cobra
95%
R – room in Swedish, or drink for a pirate Rum
93%
D – slang for money, or a mixture that is baked (Cookie _____ or Die) Dough
89%
H – ____-in-one Hole
88%
F – a priest, or what Darth Vader unknowingly did to Luke and Leia Father
87%
A – “Whether you're a brother or whether you're a mother; You're stayin' _____, stayin' _____” Alive
86%
B – English philosopher Francis who developed the scientific method, or cured meat of a pig Bacon
86%
J – a voyage, or a mid-size crossover SUV by Dodge Journey
85%
W – the Bible, or the world's most popular word processing program Word
84%
P – not Mom, not classical music Pop
83%
I – country where vegetarianism was invented around 800 BCE India
82%
V – Italian composer who wrote about 500 concerti, for example The Four Seasons Antonio Vivaldi
78%
T – the southernmost island country in the Caribbean Trinidad and Tobago
77%
L – country whose name includes the peninsula of Spain and Portugal Liberia
71%
S – Hilary who played Brandon Teena in Boys Don’t Cry and a boxer in Million Dollar Baby Swank
71%
G – island where the capital is Hagåtña and people have no vote in the U.S. presidential elections Guam
69%
Q – childish, foul-tempered monarch in Alice's Adventures in Wonderland Queen of Hearts
61%
Z – metallic element with atomic number 40 and symbol Zr Zirconium
61%
E – country where Lobamba is the legislative capital Eswatini
58%
Y – resort city on the Crimean Peninsula that held the _____ Conference in 1945 Yalta
58%
U – former name of Blackjack was Vingt-__ Un
52%
M – M in IMF Monetary
49%
K – crime TV series (1973–1978) starring Telly Savalas as Theo _____ Kojak
45%
O – the second-largest and second most massive of the Uranian moons, named after the king of the fairies in A Midsummer Night's Dream Oberon
35%
N – capital of Myanmar Naypyidaw
34%
X – Coldplay’s album Mylo ______ Xyloto
14%
No matching quizzes found
Score Distribution
Percent of People with Each Score
Percentile by Number Answered
Your Score History
You have not taken this quiz